| 000 | 01025nam a2200325 a 4500 | ||
|---|---|---|---|
| 999 |
_c7466 _d7466 |
||
| 001 | 991009550719706706 | ||
| 003 | OSt | ||
| 005 | 20211130142103.0 | ||
| 008 | 090901s2009 sp |||||||||| 000|0dspa|c | ||
| 020 | _a9788496764538 | ||
| 035 | _a(ES-BaCBU)b4228594x-34csuc_network | ||
| 035 | _a(ES-BaCBU).b4228594x | ||
| 035 | _a(ccuc001)b4228594x | ||
| 040 |
_aES-BaCBU _bcat _cES-BaCBU _dCDMR |
||
| 043 | _ae-sp--- | ||
| 080 | _a654.17(460)(091) | ||
| 100 | 1 | _aMardones, Juan José | |
| 245 | 1 | 0 |
_aVivir la televisión / _cJuan José Mardones |
| 260 |
_aMálaga : _bSEPHA, _c2009 |
||
| 300 |
_a280 p. ; _c23 cm |
||
| 490 |
_aLibros abiertos; _v42 |
||
| 600 | 1 | 4 | _aMardones, Juan José |
| 610 | 2 | 0 |
_aTelevisión Española _xHistòria _2lemac _92814 |
| 650 | 7 |
_aDirectors i productors de televisió _zEspanya. _2lemac |
|
| 650 | 0 |
_aTelevisió _zEspanya _xHistòria _2lemac _91780 |
|
| 907 |
_a.b4228594x _b25-06-21 _c01-09-09 _d01-09-09 _em _fa _g- _hspa _isp _j0 _k0 |
||
| 908 |
_aUAB _aURL |
||
| 940 | _aCVA7 | ||
| 942 |
_2udc _cMON |
||